|
|
|
|
| LEADER |
00000cam a2200000 a 4500 |
| 001 |
vtls011559677 |
| 003 |
SK-MaSNL |
| 005 |
20260301041057.0 |
| 008 |
240318s2015 ci g dn 000 0 hrv |
| 020 |
|
|
|a 9789537954079
|q (brožované)
|
| 040 |
|
|
|a SNK
|b slo
|c SNK
|e AACR2
|
| 041 |
0 |
|
|a hrv
|
| 043 |
|
|
|a e-ci---
|a e-ci--- e-hu---
|
| 044 |
|
|
|a ci
|c HR
|
| 072 |
|
7 |
|a 811.163
|x Južnoslovanské jazyky
|2 konspekt
|
| 080 |
|
|
|a 811.163.42
|2 2011
|
| 080 |
|
|
|a 81'282
|2 2011
|
| 080 |
|
|
|a (497.5)
|2 2011
|
| 080 |
|
|
|a (497.5+439)
|2 2011
|
| 080 |
|
|
|a 81(038)
|2 2011
|
| 100 |
1 |
|
|a Jakšić, Martin,
|d 1931-
|4 aut
|9 342250
|
| 245 |
1 |
0 |
|a Rječnik govora slavonskih, baranjskih i srijemskih
|c Martin Jakšić
|
| 260 |
|
|
|a Zagreb
|b Dominović
|c 2015
|
| 300 |
|
|
|a 1050 s.
|c 24 cm
|
| 490 |
1 |
|
|a Dominović rječnici
|v knj. 5
|
| 500 |
|
|
|a Poznámky o autorovi s. 1046
|
| 504 |
|
|
|a Bibliografia: s. 1037-1045
|
| 650 |
0 |
7 |
|a chorvátčina
|2 SNKPH
|9 1342
|
| 650 |
0 |
7 |
|a Croatian language
|2 SNKPHeng
|9 332865
|
| 650 |
0 |
7 |
|a dialekty
|2 SNKPH
|9 19030
|
| 650 |
0 |
7 |
|a Dialects
|2 SNKPHeng
|9 277811
|
| 651 |
|
7 |
|a Slavónia (Chorvátsko)
|2 SNKPH
|9 216091
|
| 651 |
|
7 |
|a Slavonia (Croatia)
|2 SNKPHeng
|9 52122
|
| 651 |
|
7 |
|a Baranja (Chorvátsko)
|2 SNKPH
|9 98884
|
| 651 |
|
7 |
|a Baranja (Croatia)
|2 SNKPHeng
|9 342251
|
| 655 |
|
7 |
|a dialektologické slovníky
|2 SNKPH
|9 73311
|
| 655 |
|
7 |
|a Dialectological dictionaries
|2 SNKPHeng
|9 330983
|
| 752 |
|
|
|a Chorvátsko
|d Záhreb
|
| 830 |
|
0 |
|a Dominović rječnici
|9 342252
|
| 919 |
|
|
|a 978-953-7954-07-9
|
| 999 |
|
|
|c 587539
|d 589469
|
| 952 |
|
|
|a SNK
|b SNK
|y VYP
|7 0
|p 17A1198341
|o snkIC 142634
|i snk2016/15504
|8 2
|g 27.16
|0 0
|1 0
|4 0
|d 2016-06-13
|l 0
|r 2026-02-23 15:14:00
|w 2026-02-23
|